000 00244nam a22001217a 4500
041 _aENG
100 _aMachines .A,C
245 _aPerformance And Design
260 _aDelhi
_bLow-Priced
_c1998
300 _a664
650 _a48
856 _u48
999 _c3098
_d3098